00717 2200265 4500001002100000005001700021008004100038020002200079035002400101040001200125082001200137090001400149100001600163245008000179250001100259260002800270300002700298500003100325650001000356700001900366850001200385990001800397990001800415990001800433INLIS00000000001304920171219131355.0  a978-602-258-261-8 0010-091500000001562 aYOPDYOG 223a297 a297 Tab A aTABRANI, ZA aArah baru metodologi studi islamc/ Tabrani ZA ; Penyunting, Lia Noviastuti aCet. 1 aYogyakartabOmbakc2015 axx+ 403 hlm.c; 21 cm. aBibliografi : hlm. 380-400 aIslam aLIA Noviastuti aYOPDYOG a22912-PD/B.15 a22913-PD/B.15 a22914-PD/B.15